A simpler way? (Record no. 117287)
[ view plain ]
| 000 -LEADER | |
|---|---|
| fixed length control field | 01146cam a2200205 4500 |
| 001 - CONTROL NUMBER | |
| control field | ABS67767 |
| 008 - FIXED-LENGTH DATA ELEMENTS--GENERAL INFORMATION | |
| fixed length control field | 040505n2004 000 0 eng u |
| 035 ## - SYSTEM CONTROL NUMBER | |
| System control number | (Sirsi) u126092 |
| 100 ## - MAIN ENTRY--PERSONAL NAME | |
| Personal name | Holder, J. |
| 245 #2 - TITLE STATEMENT | |
| Title | A simpler way? |
| 260 ## - PUBLICATION, DISTRIBUTION, ETC. | |
| Date of publication, distribution, etc. | 2004 |
| 490 ## - SERIES STATEMENT | |
| Series statement | Estates Gazette |
| Volume/sequential designation | (0417) 24 April 2004, 120-122(3) |
| 520 ## - SUMMARY, ETC. | |
| Summary, etc. | Examines the pros and cons of using certificates of title, a staple of borrower/lender transactions, in buyer/seller transactions. The certificate, as exemplified by the standard document designed by the City of London Law Society, combines a factual statement about the property for sale, details of easements benefiting the property and a series of representations about the site. Considers how buyers' and sellers' expectations relate to the actuality of use of certificates of title, discusses contentious points and issues for buyers and outlines the best possible use of certificates. Summarises the City of London Law Society guidance notes. |
| 590 ## - LOCAL NOTE (RLIN) | |
| Local note | ABS |
| 590 ## - LOCAL NOTE (RLIN) | |
| Local note | ABS |
| 650 ## - SUBJECT ADDED ENTRY--TOPICAL TERM | |
| Topical term or geographic name entry element | EASEMENTS |
| 650 ## - SUBJECT ADDED ENTRY--TOPICAL TERM | |
| Topical term or geographic name entry element | CERTIFICATES OF TITLE |
| 690 ## - LOCAL SUBJECT ADDED ENTRY--TOPICAL TERM (OCLC, RLIN) | |
| Topical term or geographic name as entry element | PROPERTY AND LAND LAW-CONVEYANCING |
| 942 ## - ADDED ENTRY ELEMENTS (KOHA) | |
| Suppress in OPAC | 0 |
| Withdrawn status | Lost status | Source of classification or shelving scheme | Damaged status | Not for loan | Home library | Current library | Shelving location | Date acquired | Total Checkouts | Full call number | Barcode | Date last seen | Copy number | Price effective from | Koha item type |
|---|---|---|---|---|---|---|---|---|---|---|---|---|---|---|---|
| Dewey Decimal Classification | London | London | Journal article | 05/05/2004 | ABS67767 | 126092-1001 | 06/08/2019 | 1 | 06/08/2019 | Journal article |